Vliv interkulturních diferencí na oblast osobního prodeje

Určenie osobných faktorov predajcu, ktoré sú najrelevantnejšie pre dosiahnutie úspechu predaja. Určenie medzikultúrnych rozdielov medzi americkými a českými zákazníkmi a ich vnímanie verbálnej a neverbálnej komunikácie v osobnom procese predaja.

Salvato in:
Dettagli Bibliografici
Autore principale: Říha, David
Altri autori: Říhová, Elena
Natura: Capitolo di libro
Lingua:ceco
Soggetti:
Tags: Aggiungi Tag
Nessun Tag, puoi essere il primo ad aggiungerne!!

MARC

LEADER 00000naa a2200000 4500
001 0211759
005 20231115070833.8
041 0 |a cze 
044 |a CZ 
245 1 0 |a Vliv interkulturních diferencí na oblast osobního prodeje  |c David Říha, Elena Říhová 
520 |a Určenie osobných faktorov predajcu, ktoré sú najrelevantnejšie pre dosiahnutie úspechu predaja. Určenie medzikultúrnych rozdielov medzi americkými a českými zákazníkmi a ich vnímanie verbálnej a neverbálnej komunikácie v osobnom procese predaja. 
610 2 0 |a predaj priamy 
610 2 0 |a predajcovia 
610 2 0 |a zákazníci 
610 2 0 |a komunikácia neverbálna 
610 2 0 |a komunikácia verbálna 
100 1 |a Říha, David 
700 1 |a Říhová, Elena